00441nam a2200133 i 4500001000300000100002600003245009200029260002100121040000800142041000800150080001000158008004100168856009800209bg1 aBIERNACKI, Franciszek 0aTeoria odwzorowań powierzchni dla geodetów i kartografów /cFranciszek Biernacki. aWarszawa,c1949. cBPK apol a528.9 s pl f |000 0 pol  uhttp://koha.tu.koszalin.pl/cgi-bin/koha/opac-detail.pl?biblionumber=16283yKatalog online BPK